header

Righteous persecution (Record no. 113450)

MARC details
000 -LEADER
fixed length control field 01613nam a2200385Ia 4500
100 1# - MAIN ENTRY--AUTHOR NAME
Personal name Ames, Christine Caldwell.
245 10 - TITLE STATEMENT
Title Righteous persecution
260 ## - PUBLICATION, DISTRIBUTION, ETC. (IMPRINT)
Place of publication Philadelphia :
Name of publisher University of Pennsylvania Press,
Year of publication c2009.
300 ## - PHYSICAL DESCRIPTION
Number of Pages viii, 312 p.
490 1# - SERIES STATEMENT
Series statement The Middle Ages series
650 #0 - SUBJECT ADDED ENTRY--TOPICAL TERM
Topical Term Persecution
Topical Term Inquisition
Topical Term Christian heresies
Topical Term Control (Psychology)
Topical Term Punishment
Topical Term Questioning
856 40 - ELECTRONIC LOCATION AND ACCESS
Uniform Resource Identifier http://site.ebrary.com/lib/rucke/Doc?id=10748812

No items available.

© 2026 Rongo University
Contact us: librarian | system librarian | Rongo university